MLB Year in Review 1990 - Statistics

General Stats
  • This quiz has been taken 6 times
    4 since last reset
  • The average score is 14 of 25
Answer Stats
Category Answer % Correct
World Series Winner Cincinnati Reds
100%
World Series Loser Oakland Athletics
100%
Best Record (103-59) Oakland Athletics
100%
Worst Record (65-97) Atlanta Braves
75%
NL MVP (PIT) Barry Bonds
75%
ALCS Loser Boston Red Sox
75%
Home Run Leader (51 DET) Cecil Fielder
75%
RBI Leader (132 DET) Cecil Fielder
75%
NLCS Loser Pittsburgh Pirates
75%
WAR Leader (10.4 BOS) Rodger Clemens
75%
Saves Leader (57 CHW) Bobby Thigpen
50%
Strike Outs Leader (233 NYM) David Cone
50%
NL Rookie of the Year (ATL) David Justice
50%
NL Cy Young (PIT) Doug Drabek
50%
Name 1 HOF Inductee (JM, JP) Joe Morgan | Jim Palmer
50%
AL MVP (OAK) Rickey Henderson
50%
AL Rookie of the Year (CLE) Sandy Alomar
50%
Triples Leader (17 TOR) Tony Fernández
50%
AL Cy Young (OAK) Bob Welch
25%
Wins Leader (27 OAK) Bob Welch
25%
Batting Champion (.330* LAD) Eddie Murray
25%
Doubles Leader (45 KCR, BOS) George Brett | Jody Reed
25%
ERA Leader (1.93 BOS) Rodger Clemens
25%
Stolen Base Leader (77 STL) Vince Coleman
25%
Hits Leader (199 STL/OAK) Willie McGee
25%
No matching quizzes found
Score Distribution
Percent of People with Each Score
Percentile by Number Answered
Your Score History
You have not taken this quiz since the last reset